Estadísticas para Inventos y contrucciones de la historia

Haz click aquí para intentar la prueba.

Estadísticas generales

  • Esta prueba ha sido intentada 287 veces
    (284 desde el último reinicio)
  • La puntuación promedio es 7 de 12

Estadísticas de respuestas

PistaRespuesta% Correcto
Grecia - gobierno del puebloDemocracia
89%
Egipto - elemento donde escribirPapiro
82%
Egipto - Tumbas para faraonesPirámides
81%
Roma - Anfiteatro cerca de un colosoColiseo
78%
Musulmanes - Juego estratégicoAjedrez
77%
China - Fuegos ArtificialesPólvora
76%
Egipcia - EscrituraJeroglíficos
48%
Grecia - "ciudad alta"Acrópolis
41%
Sumeria - EscrituraCuneiforme
36%
Roma - Plaza principal de la ciudadForo Romano
29%
Roma - "mejores que adintelados"Arco de medio punto
12%
Sumerios - Observatorios astronómicosZigurats
10%

Distribución de puntuación

Porcentaje por número respondido

Porcentaje de gente con cada puntuación

Historial de tus puntuaciones

No has intentado esta prueba desde el último reinicio